Conocimientos y actitudes sobre el uso de métodos anticonceptivos en mujeres en edad fertil de la Isla de Baru 2025 / (Registro nro. 50258)

Detalles MARC
000 -LEADER
fixed length control field 01880nam a2200289 4500
005 - DATE AND TIME OF LATEST TRANSACTION
control field 20251212125046.0
008 - FIXED-LENGTH DATA ELEMENTS--GENERAL INFORMATION
fixed length control field 190730s2025 000 0 eng d
040 ## - CATALOGING SOURCE
Original cataloging agency CO-CtgCURN
Language of cataloging spa
Transcribing agency coctgcurn
041 0# - LANGUAGE CODE
Language code of text/sound track or separate title spa
082 0# - DEWEY DECIMAL CLASSIFICATION NUMBER
Classification number ENF2025
Item number C317
100 1# - MAIN ENTRY--PERSONAL NAME
Personal name Carrillo González, Alejandra Marcela.
245 10 - TITLE STATEMENT
Title Conocimientos y actitudes sobre el uso de métodos anticonceptivos en mujeres en edad fertil de la Isla de Baru 2025 /
Statement of responsibility, etc. Alejandra Marcela Carrillo González; Vicky Hernández Medrano; Carmen Julia Pérez Marchena; Asesor: Carmen Ines Martínez Ruíz.
260 ## - PUBLICATION, DISTRIBUTION, ETC.
Place of publication, distribution, etc. Cartagena de Indias :
Name of publisher, distributor, etc. Corporación Universitaria Rafael Núñez,
Date of publication, distribution, etc. 2025.
300 ## - PHYSICAL DESCRIPTION
Extent 105 hojas.
336 ## - CONTENT TYPE
Source rdacontent
Content type term text
Content type code txt
337 ## - MEDIA TYPE
Source rdacarrier
Media type term sin mediacion
Media type code n
338 ## - CARRIER TYPE
Source rdacarrier
Carrier type term volumen
Carrier type code nc
502 ## - DISSERTATION NOTE
Dissertation note Trabajo de grado (Enfermeria). Corporacion Universitaria Rafael Nuñez. Facultad de Ciencias de la salud. Enfermeria, 2025.
520 ## - SUMMARY, ETC.
Summary, etc. "La planificación familiar constituye un pilar fundamental en la promoción de la salud sexual y reproductiva, al permitir que las mujeres y las parejas tomen decisiones libres, responsables e informadas sobre la maternidad y la prevención de embarazos no deseados. No obstante, en comunidades rurales e insulares persisten amplias brechas en el acceso a información veraz, servicios de salud sexual y acompañamiento profesional."
650 #0 - SUBJECT ADDED ENTRY--TOPICAL TERM
Topical term or geographic name entry element Enfermeria
Form subdivision Tesis y disertaciones academicas.
700 1# - ADDED ENTRY--PERSONAL NAME
Personal name Hernández Medrano, Vicky.
700 1# - ADDED ENTRY--PERSONAL NAME
Personal name Pérez Marchena, Carmen Julia.
700 1# - ADDED ENTRY--PERSONAL NAME
Personal name Martínez Ruíz, Carmen Inés ,
Relator term directora.
856 ## - ELECTRONIC LOCATION AND ACCESS
Uniform Resource Identifier <a href="https://unicurn.sharepoint.com/:b:/s/biblioteca/IQCjx3ktfPT_RL_X63UHweQqAZLVDyz0blk1j_AxEZvy2dA?e=wql44B">https://unicurn.sharepoint.com/:b:/s/biblioteca/IQCjx3ktfPT_RL_X63UHweQqAZLVDyz0blk1j_AxEZvy2dA?e=wql44B</a>
Public note Click para ver el recurso en texto completo
942 ## - ADDED ENTRY ELEMENTS (KOHA)
Koha item type Trabajos de grado
Classification part ENF 2025
Item part C317
Existencias
Withdrawn status Lost status Damaged status Not for loan Collection Home library Current library Shelving location Date acquired Cost, normal purchase price Inventory number Total checkouts Full call number Barcode Date last seen Price effective from Koha item type
        Trabajos de grado Miguel Henríquez Emiliani Miguel Henríquez Emiliani Trabajo de grado 12/12/2025 35000.00 025689   ENF 2025 C317 025689 12/12/2025 12/12/2025 Trabajos de grado